Psychology / (Record no. 3965)

MARC details
000 -LEADER
fixed length control field 00700pam a2200205 a 4500
020 ## - INTERNATIONAL STANDARD BOOK NUMBER
ISBN 0393973646
022 ## - INTERNATIONAL STANDARD SERIAL NUMBER
ISSN 9780393973648
050 00 - CALL NUMBER
Classification number BF121
Item number .G58
100 1# - AUTHOR
Personal name Gleitman, Henry.
245 10 - TITLE
Title Psychology /
Statement of responsibility, etc Henry Gleitman, Alan J. Fridlund, Daniel Reisberg.
250 ## - EDITION
Edition statement 5th ed.
260 ## - PUBLICATION INFORMATION
Place of publication New York :
Name of publisher W.W. Norton,
Year of publication c1999.
300 ## - DESCRIPTION
Number of Pages 1 v. (various pagings) :
Other physical details col. ill. ;
Dimensions 29 cm.
500 ## - NOTES
General note Includes bibliographical references and index
505 ## - FORMATTED CONTENTS NOTE
Table of Content pt. 1. Action --<br/>pt. 2. Cognition --<br/>pt. 3. Social behavior --<br/>pt. 4. Development --<br/>pt. 5. Individual differences.
650 #0 - SUBJECTS
Topical Term Psychology
700 1# - OTHER AUTHORS
Personal name Fridlund, Alan J.
700 1# - OTHER AUTHORS
Personal name Reisberg, Daniel.
942 ## - ADDED ENTRY ELEMENTS (KOHA)
Koha item type Books
Holdings
Withdrawn status Lost status Collection code Home library Current library Shelving location Date acquired Full call number Accession Number Koha item type
    Reference Methodist University Library Main Methodist University Library Main General Stacks 10/12/1999 BF121 .G58 16319 Books
Copyright © 2026  MUG Library